Dang jilllako babai nadi ra bibhinna sahayak kholaharuko bagarkshetra haru bata digo rupama dhunga gitti tatha baluwako sankalan utkhanan karyasanchalanka lagi batabaraniya prabhav mulyankan (Record no. 102531)
[ view plain ]
| 000 -LEADER | |
|---|---|
| fixed length control field | 00655nam a22001457a 4500 |
| 008 - FIXED-LENGTH DATA ELEMENTS--GENERAL INFORMATION | |
| fixed length control field | 211215b |||||||| |||| 00| 0 eng d |
| 082 ## - DEWEY DECIMAL CLASSIFICATION NUMBER | |
| Classification number | N333.714/J429d |
| 110 ## - MAIN ENTRY--CORPORATE NAME | |
| Corporate name or jurisdiction name as entry element | Nepal. Janasangkhya tatha batabaran Mantralaya |
| 245 ## - TITLE STATEMENT | |
| Title | Dang jilllako babai nadi ra bibhinna sahayak kholaharuko bagarkshetra haru bata digo rupama dhunga gitti tatha baluwako sankalan utkhanan karyasanchalanka lagi batabaraniya prabhav mulyankan |
| 260 ## - PUBLICATION, DISTRIBUTION, ETC. | |
| Place of publication, distribution, etc. | Dang: |
| Name of publisher, distributor, etc. | District Development Committee, |
| Date of publication, distribution, etc. | 2073 |
| 300 ## - PHYSICAL DESCRIPTION | |
| Other physical details | 91p. illus. |
| 504 ## - BIBLIOGRAPHY, ETC. NOTE | |
| Bibliography, etc. note | Includes bibliography |
| 650 ## - SUBJECT ADDED ENTRY--TOPICAL TERM | |
| Topical term or geographic name entry element | Environmental Impact Assessment- Dang Excavation of sand, ballast and sand |
| 942 ## - ADDED ENTRY ELEMENTS (KOHA) | |
| Source of classification or shelving scheme | Dewey Decimal Classification |
| Koha item type | N |
No items available.
